000 00332nam a2200133 i 4500
001 bg
100 1 _aPIOTROWSKI, Witold
245 0 _aWytwornice pary :
_bcharakterystyki statyczne /
_cWitold Piotrowski.
260 _aGdaƄsk,
_c1981.
040 _cBPK
041 _apol
942 _cKS
008 s pl f |000 0 pol
999 _c20354
_d20354
856 _uhttp://koha.tu.koszalin.pl/cgi-bin/koha/opac-detail.pl?biblionumber=20354
_yKatalog online BPK